Music Quiz

Random Music or Musical Quiz

Musical Notes on the Grand Staff Quiz Stats

 Plays Quiz Updated Oct 6, 2016

Challenge
Share
Tweet
Score 0/22 Timer 01:30
11 Plays Today
% Correct
F
84.2%
F
84.2%
E
84%
C
83.9%
A
83.8%
G
83.8%
E
83.8%
B
83.7%
D
83.7%
C
83.7%
D
83.7%
% Correct
C
80.9%
A
80.8%
G
80.6%
D
80.6%
A
80.5%
G
80.4%
B
80.4%
E
80.4%
B
80.2%
F
80.2%
C
80.1%

You're not logged in!

Compare scores with friends on all Sporcle quizzes.
OR
Log In

You Might Also Like...

Show Comments

Extras

Top Quizzes Today


Score Distribution

Your Account Isn't Verified!

In order to create a playlist on Sporcle, you need to verify the email address you used during registration. Go to your Sporcle Settings to finish the process.

Report this User

Report this user for behavior that violates our Community Guidelines.

Details: